Manual of Malayan timber trees : leguminosae

Bibliographic Details
Main Author: WYATT-SMITH
Format: Book
Published: Kuala Lumpur : Forest Research Institute , 1953
Series:Research pamphlet ; no. 2
Subjects:

MARC

LEADER 00000cam a2200000 7i4500
001 0000002970
005 20040326.0
090 0 0 |a RP 583.74   |b WYA 1953 
100 1 0 |a WYATT-SMITH   |h J. 
245 1 0 |a Manual of Malayan timber trees :   |b leguminosae   |c by J. Wyatt-Smith 
260 0 0 |a Kuala Lumpur :   |b Forest Research Institute ,   |c 1953 
300 |a 74 p. :   |b ill. ;   |c 34 cm. 
440 0 0 |a Research pamphlet ; no. 2 
650 0 0 |a Leguminosae   |z Malaysia 
650 0 0 |a Timber   |z Malaysia 
998 |a JPSM 
999 |a 0000005237   |b Monograph   |c Open Shelf   |e Default branch